000 01056nam a2200325 4500
001 71322
010 _a978-989-33-4568-9
021 _aPT
_b514216/23
100 _a20240110d2023 m||y0pory50030103ba
101 0 _apor
102 _aPT
105 _ay z 000zy
106 _ar
200 1 _aSubscrevo!?
_ereflexões e provocações
_fPaulo Cunha
_gfot. Daniel Santos
210 9 _a[S.l.]
_cAlgarCongress
_cAssociação Cultural Música XXI
_d2023
215 _a358, [1] p.
675 _a821.134.3-92"20"
_vBN
_zpor
700 _aCunha
_bPaulo
_f1964-
_916279
702 1 _953352
_aSantos
_bDaniel
_4600
801 0 _aPT
_bBN
_gRPC
090 _a71322
942 _cMON
_n0